Appelbaum, A.: Gulag - Dějiny

Bibliographic Details
Main Author: Klubert, Tomáš, 1972- (Author)
Format: Article
Language:Slovak
ISBN:8089034861
Subjects:

MARC

LEADER 00000nab a2200000 a 4500
001 vtls008846302
003 SK-MaSNL
005 20260305035433.0
008 250505c2005 xo | ||| ||slo
015 |a SNBRA2006/09  |2 snkbucl 
035 |a (uuid)b08602b1-4786-49a8-9ff9-f8b1363162a7 
035 |a urn:nbn:sk:snk-abxsi 
035 |a (urnnbn)urn:nbn:sk:snk:ar-a03nky 
038 |a SNKBUCL 
040 |a SNKBUCL  |b slo  |c SNKBUCL  |e AACR2 
041 0 |a slo 
044 |a xo  |c SK 
080 |a 94(47+57)  |x (048)  |2 1997 
080 |a 343.8  |x (47+57)  |x (048)  |2 1997 
080 |a 343.81  |x (47+57)  |x (048)  |2 1997 
080 |a 343.819  |x (47+57)  |x (048)  |2 1997 
080 |a 343.819.5  |x (47+57)  |x (048)  |2 1997 
080 |a 343.262  |x (47+57)  |x (048)  |2 1997 
100 1 |a Klubert, Tomáš,  |d 1972-  |4 aut  |9 242849 
245 1 0 |a Appelbaum, A.: Gulag - Dějiny  |c T. Klubert 
648 7 |a 1918-1986  |2 snkbucl  |9 451134 
650 0 7 |a koncentračné tábory  |2 snkbucl  |9 2654 
650 0 7 |a pracovné tábory  |2 snkbucl  |9 2655 
650 0 7 |a nútené práce  |2 snkbucl  |9 2680 
650 0 7 |a väznice  |2 snkbucl  |9 2643 
651 7 |a Sovietsky zväz  |2 snkbucl  |9 22126 
655 7 |a recenzie  |2 snkbucl  |9 21907 
773 0 |t Historické rozhľady. II/2005  |d Trnava : Filozofická fakulta Univerzity sv. Cyrila a Metoda v Trnave, 2005  |g S. 346-349  |z 8089034861 
787 0 8 |i Rec.:  |a Applebaum, Anne, 1964-  |t Gulag  |d Praha ; Plzeň : Beta, 2004  |z 807306152X 
850 |a Slovenská národná knižnica 
852 |a Slovenská národná knižnica 
954 |a odborná, vedecká literatúra pôvodná (slovenská)  |2 lita 
958 |a article27 
958 |a OND 
958 |a RC 
958 |a CZ 
958 |a SU 
958 |a EUIPO 
999 |c 3333830  |d 3335760